L'écu, concurrent du dollar?

Vznik ECU a pokles dolára. Tromfy a limity ECU. Prvé geografické stretnutie ECU s dolárom. Ich obchodný a finančný boj. Spolupráca oboch menových jednotiek je nevyhnutná. (L'Expansion 1991, č.414).

Enregistré dans:
Détails bibliographiques
Auteur principal: Vittori, J.-M
Format: Chapitre de livre
Langue:français
Sujets:
Tags: Ajouter un tag
Pas de tags, Soyez le premier à ajouter un tag!

MARC

LEADER 00000naa a2200000 4500
001 r008577
005 20220913124434.7
041 0 |a fre 
044 |a FR 
245 1 0 |a L'écu, concurrent du dollar?  |c J.-M. Vittori 
520 |a Vznik ECU a pokles dolára. Tromfy a limity ECU. Prvé geografické stretnutie ECU s dolárom. Ich obchodný a finančný boj. Spolupráca oboch menových jednotiek je nevyhnutná. (L'Expansion 1991, č.414). 
610 2 0 |a ECU 
610 2 0 |a kurz menový 
610 2 0 |a dolár 
610 2 0 |a USA 
610 2 0 |a konkurencia 
610 2 0 |a trh euromenový 
100 1 |a Vittori, J.-M.